000 00480nam a22001217a 4500
999 _c21531
_d21531
008 240912b ||||| |||| 00| 0 eng d
100 _aBugarin, Ramdy M.
_eauthor.
_960799
245 _aChristmas party sa paaralang elementarya ng Moraza /
_cRamdy M. Bugarin.
260 _aPhilippines;
_bPublishers Association of the Philippines, Inc.,
_cDecember 2019.
300 _aVolume 168, pages 258-259,
_billustration.
700 _aBugarin, Ramdy M.
_eauthor.
_960799
942 _2ddc
_cPER